[Event "3rd Washington Chess Congress"]
[Site "Arlington, VA"]
[Date "2016.10.08"]
[Round "5"]
[White "Stukopin, Andrey"]
[Black "Raghuram Rao, Prasanna"]
[Result "1-0"]
[WhiteElo "2596"]
[BlackElo "2466"]
[PlyCount "31"]
[EventDate "2016.10.??"]
[EventType "swiss"]
[EventRounds "9"]
[EventCountry "USA"]

1. Nf3 c5 2. c4 Nc6 3. Nc3 g6 4. g3 Bg7 5. Bg2 e6 6. a3 Nge7 7. O-O d6 8. b4
O-O 9. Rb1 b6 10. e3 Bb7 11. d4 Qd7 12. Qd3 Rad8 13. d5 exd5 14. cxd5 Ne5 15.
Nxe5 Bxe5 16. Bb2 1-0

[Event "3rd Washington Chess Congress"]
[Site "Arlington, VA"]
[Date "2016.10.08"]
[Round "5"]
[White "Belous, Vladimir"]
[Black "Sadorra, Julio"]
[Result "0-1"]
[WhiteElo "2585"]
[BlackElo "2573"]
[PlyCount "78"]
[EventDate "2016.10.??"]
[EventType "swiss"]
[EventRounds "9"]
[EventCountry "USA"]

1. c4 e6 2. Nf3 d5 3. g3 Nf6 4. Bg2 Be7 5. O-O O-O 6. d4 Nbd7 7. Qc2 c6 8. Rd1
b6 9. Bf4 Ba6 10. b3 Rc8 11. Nc3 Qe8 12. Qb2 dxc4 13. e4 Bb4 14. bxc4 c5 15. e5
Bxc3 16. Qxc3 Ne4 17. Qc2 f5 18. d5 b5 19. dxe6 Nb6 20. Nd2 Nxd2 21. cxb5 Bxb5
22. Rxd2 Bc4 23. Rd7 Bxe6 24. Rxa7 Nd5 25. Bg5 f4 26. Rd1 f3 27. Bf1 Qh5 28.
Bc1 c4 29. Rd4 Qxe5 30. Re4 Qf5 31. Bxc4 Qh3 32. Rxg7+ Kxg7 33. Qb2+ Kg8 34.
Bf1 Qf5 35. Bh6 Qf6 36. Qd2 Rfe8 37. Bg5 Qg6 38. Re5 Nc3 39. Bd3 Qg7 0-1

[Event "3rd Washington Chess Congress"]
[Site "Arlington, VA"]
[Date "2016.10.08"]
[Round "5"]
[White "Berczes, David"]
[Black "Yu, Jennifer"]
[Result "1-0"]
[WhiteElo "2478"]
[BlackElo "2209"]
[PlyCount "89"]
[EventDate "2016.10.??"]
[EventType "swiss"]
[EventRounds "9"]
[EventCountry "USA"]

1. d4 d5 2. Bf4 Nf6 3. e3 e6 4. Nf3 Bd6 5. Bxd6 Qxd6 6. c4 c6 7. Nc3 O-O 8. Qc2
Nbd7 9. Bd3 b6 10. cxd5 exd5 11. O-O c5 12. Rfd1 Bb7 13. Bf5 Rfe8 14. Rac1 c4
15. b3 g6 16. Bh3 a6 17. bxc4 dxc4 18. Nd2 b5 19. a4 Bc6 20. d5 Nxd5 21. Nde4
Qe7 22. Rxd5 Bxd5 23. Nxd5 Qxe4 24. Qxe4 Rxe4 25. Bxd7 Re5 26. Bc6 Rc8 27. f4
Rxc6 28. fxe5 Kg7 29. Kf2 Re6 30. a5 Rxe5 31. Nb4 Re7 32. Rd1 c3 33. Ke2 Re4
34. Rd4 Re5 35. Kd3 Rc5 36. Kc2 Rc8 37. Nxa6 Ra8 38. Rd6 b4 39. Kb3 h5 40. Rc6
Ra7 41. Kxb4 c2 42. Nc7 Rb7+ 43. Nb5 Re7 44. Rxc2 Rxe3 45. a6 1-0

[Event "3rd Washington Chess Congress"]
[Site "Arlington, VA"]
[Date "2016.10.08"]
[Round "5"]
[White "Balakrishnan, Praveen"]
[Black "Treger, Yefim"]
[Result "1-0"]
[WhiteElo "2458"]
[BlackElo "2176"]
[PlyCount "112"]
[EventDate "2016.10.??"]
[EventType "swiss"]
[EventRounds "9"]
[EventCountry "USA"]

1. e4 g6 2. d4 Bg7 3. Nc3 a6 4. h4 d5 5. Nxd5 c6 6. Ne3 Qxd4 7. Qxd4 Bxd4 8.
Nf3 Bg7 9. h5 Nd7 10. Nc4 b5 11. Na5 gxh5 12. Rxh5 Ngf6 13. Rh4 Nf8 14. Bh6
Bxh6 15. Rxh6 Ng6 16. e5 Ng4 17. Rh5 Nf4 18. Rh1 Ng6 19. Bd3 N6xe5 20. Nxe5
Nxe5 21. Be4 f5 22. Nxc6 Bb7 23. Nxe5 Bxe4 24. f3 Bd5 25. O-O-O e6 26. Ng6 Rg8
27. Nf4 Ra7 28. Nxd5 exd5 29. Rxd5 Rxg2 30. Rxf5 Re7 31. f4 Kd7 32. Re5 Rxe5
33. fxe5 Ke6 34. Rh6+ Rg6 35. Rxh7 Kxe5 36. Rd7 Rg1+ 37. Rd1 Rg4 38. b3 Ke6 39.
Kb2 Ke5 40. Rd8 Rg6 41. c4 bxc4 42. bxc4 Rg3 43. Rd2 Rh3 44. a4 Ke6 45. Rd5 Rg3
46. Kc2 Ra3 47. Kb2 Rxa4 48. Kb3 Ra1 49. Kb4 a5+ 50. Rxa5 Rb1+ 51. Kc5 Kd7 52.
Ra7+ Kc8 53. Kc6 Kb8 54. Re7 Rh1 55. Re6 Rc1 56. c5 Rc2 1-0

[Event "3rd Washington Chess Congress"]
[Site "Arlington, VA"]
[Date "2016.10.08"]
[Round "5"]
[White "Popilski, Gil"]
[Black "Wegerle, Joerg"]
[Result "1-0"]
[WhiteElo "2564"]
[BlackElo "2442"]
[PlyCount "41"]
[EventDate "2016.10.??"]
[EventType "swiss"]
[EventRounds "9"]
[EventCountry "USA"]

1. e4 e5 2. Nf3 Nf6 3. Nc3 Bb4 4. Nxe5 O-O 5. Be2 Re8 6. Nd3 Bxc3 7. dxc3 Nxe4
8. Nf4 Nc6 9. O-O d6 10. Re1 Bf5 11. Be3 Nf6 12. c4 Qd7 13. a3 Re7 14. Nd5 Nxd5
15. cxd5 Ne5 16. Qd2 Rae8 17. f3 Bg6 18. b3 f6 19. Rac1 Qf5 20. h3 Nf7 21. Bf1
1-0

[Event "3rd Washington Chess Congress"]
[Site "Arlington, VA"]
[Date "2016.10.08"]
[Round "5"]
[White "Zhang, Yuanchen"]
[Black "Bouzoukis, Charles"]
[Result "1-0"]
[WhiteElo "2289"]
[BlackElo "2098"]
[PlyCount "87"]
[EventDate "2016.10.??"]
[EventType "swiss"]
[EventRounds "9"]
[EventCountry "USA"]

1. e4 d6 2. d4 Nf6 3. Nc3 Nbd7 4. Nf3 e5 5. Bc4 Be7 6. O-O O-O 7. Re1 c6 8. a4
b6 9. h3 a6 10. Be3 Qc7 11. Ba2 Rb8 12. Qe2 b5 13. axb5 axb5 14. b4 exd4 15.
Nxd4 Nb6 16. Rab1 Bd7 17. f4 Rfe8 18. g4 Bf8 19. Qf3 Na4 20. Nde2 Nxc3 21. Nxc3
Be6 22. Bxe6 fxe6 23. g5 Nd7 24. Ne2 Nb6 25. Nd4 Nc4 26. f5 Nxe3 27. Rxe3 exf5
28. exf5 Rxe3 29. Qxe3 c5 30. Ne6 Qf7 31. Qe4 Qb7 32. Qxb7 Rxb7 33. g6 Rb8 34.
Kg2 hxg6 35. fxg6 Re8 36. Re1 cxb4 37. Kf3 d5 38. Kf4 Rc8 39. Re2 Rc3 40. Ke5
Rxh3 41. Rf2 Rh5+ 42. Kd4 Be7 43. Rf7 Bf6+ 44. Kc5 1-0

[Event "3rd Washington Chess Congress"]
[Site "Arlington, VA"]
[Date "2016.10.08"]
[Round "5"]
[White "Prem, Pranav"]
[Black "Balkhamishvili, Tamara"]
[Result "1-0"]
[WhiteElo "1765"]
[BlackElo "2058"]
[PlyCount "71"]
[EventDate "2016.10.??"]
[EventType "swiss"]
[EventRounds "9"]
[EventCountry "USA"]

1. d4 f5 2. Nf3 Nf6 3. Bf4 g6 4. e3 Bg7 5. h3 O-O 6. c4 d6 7. Nc3 c6 8. Be2 Na6
9. O-O Qe8 10. Qc2 Nd7 11. d5 e5 12. dxe6 Qxe6 13. Rad1 Ne5 14. Nd4 Qf7 15. Nf3
Nxf3+ 16. Bxf3 Qxc4 17. Bxd6 Re8 18. Be2 Qf7 19. Na4 Be6 20. Bxa6 bxa6 21. b3
Rac8 22. Nc5 Bd5 23. Nxa6 Red8 24. Bc5 f4 25. e4 Be6 26. Rxd8+ Rxd8 27. Rd1 Qf6
28. Qe2 Rxd1+ 29. Qxd1 Qg5 30. Qd3 f3 31. Qxf3 Qc1+ 32. Kh2 Qf1 33. Nb4 Qb5 34.
Nd3 a5 35. Qg3 a4 36. Qd6 1-0

[Event "3rd Washington Chess Congress"]
[Site "Arlington, VA"]
[Date "2016.10.08"]
[Round "5"]
[White "Lowinger, Daniel"]
[Black "Jian, Alex"]
[Result "0-1"]
[WhiteElo "2115"]
[BlackElo "2037"]
[PlyCount "33"]
[EventDate "2016.10.??"]
[EventType "swiss"]
[EventRounds "9"]
[EventCountry "USA"]

1. e4 c5 2. Nf3 Nc6 3. Nc3 Nf6 4. e5 Ng4 5. Qe2 d6 6. exd6 e6 7. g3 Bxd6 8. Bg2
O-O 9. O-O Nf6 10. d3 h6 11. Ne4 Be7 12. c3 Nd5 13. d4 cxd4 14. cxd4 Nf6 15.
Rd1 Nb4 16. Ne5 Nxe4 17. Bxe4 0-1

[Event "3rd Washington Chess Congress"]
[Site "Arlington, VA"]
[Date "2016.10.08"]
[Round "5"]
[White "Brodsky, David"]
[Black "Raznikov, Dani"]
[Result "1-0"]
[WhiteElo "2277"]
[BlackElo "2531"]
[PlyCount "87"]
[EventDate "2016.10.??"]
[EventType "swiss"]
[EventRounds "9"]
[EventCountry "USA"]

1. e4 c5 2. Nf3 d6 3. d4 cxd4 4. Nxd4 Nf6 5. Nc3 a6 6. Be3 e5 7. Nb3 Be6 8. Qd2
Be7 9. O-O-O Nbd7 10. f4 Ng4 11. g3 Nxe3 12. Qxe3 Rc8 13. Kb1 b5 14. f5 Bc4 15.
h4 O-O 16. Nd2 Bxf1 17. Nxf1 Nb6 18. Nd5 Nxd5 19. Rxd5 Qa5 20. Qf3 Rc4 21. Ne3
Ra4 22. a3 Rc8 23. Rd3 Bf8 24. f6 g6 25. Nd5 Rac4 26. c3 h6 27. h5 g5 28. Ne7+
Bxe7 29. fxe7 Qc7 30. Qf6 Re8 31. Rxd6 Qxe7 32. Qxh6 Rxe4 33. Rf6 Rg4 34. Rhf1
Qd7 35. Rxf7 Qxf7 36. Rxf7 Kxf7 37. Qg6+ Ke7 38. Qf5 Rc4 39. Qxe5+ Kd7 40. Qd5+
Kc7 41. Qf7+ Kd8 42. Qf6+ Kc7 43. Qxa6 Re1+ 44. Ka2 1-0

[Event "3rd Washington Chess Congress"]
[Site "Arlington, VA"]
[Date "2016.10.08"]
[Round "5"]
[White "Jaquez, Juan"]
[Black "Jacobson, Brandon"]
[Result "1/2-1/2"]
[WhiteElo "2188"]
[BlackElo "2198"]
[PlyCount "24"]
[EventDate "2016.10.??"]
[EventType "swiss"]
[EventRounds "9"]
[EventCountry "USA"]

1. e4 c5 2. Nf3 e6 3. d4 cxd4 4. Nxd4 Nc6 5. Nc3 Qc7 6. Be3 a6 7. Be2 b5 8. O-O
Bb7 9. a3 Rc8 10. Nxc6 Qxc6 11. Qd4 Nf6 12. Rfd1 Bc5 1/2-1/2

[Event "3rd Washington Chess Congress"]
[Site "Arlington, VA"]
[Date "2016.10.08"]
[Round "5"]
[White "Ramanathan, Suraj"]
[Black "Heidari, Ako"]
[Result "0-1"]
[WhiteElo "1672"]
[BlackElo "1799"]
[PlyCount "34"]
[EventDate "2016.10.??"]
[EventType "swiss"]
[EventRounds "9"]
[EventCountry "USA"]

1. d4 d5 2. c4 e6 3. Nc3 Be7 4. Nf3 Nf6 5. Bg5 O-O 6. e3 Nbd7 7. Qc2 c6 8. Rc1
Re8 9. Bd3 dxc4 10. Bxc4 Nd5 11. Be2 Qc7 12. O-O Nxc3 13. bxc3 e5 14. e4 c5 15.
Qb3 exd4 16. cxd4 cxd4 17. Nxd4 Qb6 0-1

[Event "3rd Washington Chess Congress"]
[Site "Arlington, VA"]
[Date "2016.10.08"]
[Round "5"]
[White "Greanias, Steven"]
[Black "Ulrich, Rachel"]
[Result "1/2-1/2"]
[WhiteElo "2089"]
[BlackElo "2114"]
[PlyCount "69"]
[EventDate "2016.10.??"]
[EventType "swiss"]
[EventRounds "9"]
[EventCountry "USA"]

1. c4 Nf6 2. Nf3 c6 3. b3 d5 4. e3 e6 5. Be2 Nbd7 6. Bb2 Bd6 7. Nc3 O-O 8. O-O
Qe7 9. Qc2 b6 10. d4 Bb7 11. e4 dxe4 12. Nxe4 Nxe4 13. Qxe4 Nf6 14. Qh4 Rfd8
15. Bd3 h6 16. Rfe1 Nd7 17. Qe4 Nf6 18. Qh4 Nd7 19. Qe4 Nf6 20. Qe2 Ba3 21.
Rad1 Bxb2 22. Qxb2 Qc7 23. Qe2 a5 24. Bc2 c5 25. dxc5 Qxc5 26. Ne5 Qc7 27. Qe3
Rxd1 28. Rxd1 Rd8 29. Rxd8+ Qxd8 30. f4 Qd6 31. Kf1 Kf8 32. g3 Ke7 33. Ke2 Nd7
34. Nxd7 Kxd7 35. Qd3 1/2-1/2

[Event "3rd Washington Chess Congress"]
[Site "Arlington, VA"]
[Date "2016.10.08"]
[Round "5"]
[White "Checa, Nicolas"]
[Black "Li, Ruifeng"]
[Result "0-1"]
[WhiteElo "2420"]
[BlackElo "2538"]
[PlyCount "62"]
[EventDate "2016.10.??"]
[EventType "swiss"]
[EventRounds "9"]
[EventCountry "USA"]

1. Nf3 c5 2. c4 Nc6 3. g3 g6 4. Bg2 Bg7 5. O-O e6 6. Nc3 Nge7 7. e3 O-O 8. d4
d6 9. b3 b6 10. Bb2 Bb7 11. Qd2 Rb8 12. Rad1 cxd4 13. exd4 d5 14. cxd5 exd5 15.
Rfe1 Nf5 16. Ba3 Re8 17. Rxe8+ Qxe8 18. Nxd5 Rd8 19. Ne3 Ncxd4 20. Nxd4 Rxd4
21. Qc1 Rxd1+ 22. Qxd1 Nxe3 23. fxe3 Qxe3+ 24. Kh1 Bxg2+ 25. Kxg2 Bd4 26. Bc1
Qf2+ 27. Kh3 h5 28. Qd3 Bf6 29. Qb5 Qxa2 30. Bf4 Qf2 31. Bd6 Kg7 0-1

[Event "3rd Washington Chess Congress"]
[Site "Arlington, VA"]
[Date "2016.10.08"]
[Round "5"]
[White "Kaufman, Larry C"]
[Black "Drozdowski, Kacper"]
[Result "0-1"]
[WhiteElo "2285"]
[BlackElo "2507"]
[PlyCount "66"]
[EventDate "2016.10.??"]
[EventType "swiss"]
[EventRounds "9"]
[EventCountry "USA"]

1. e4 c5 2. Nf3 e6 3. c3 d5 4. exd5 exd5 5. Bb5+ Nc6 6. d4 Bd6 7. O-O Nge7 8.
dxc5 Bxc5 9. Nbd2 O-O 10. Nb3 Bb6 11. Bd3 h6 12. h3 Nf5 13. Bc2 Qd6 14. Qd3 Re8
15. Bd2 Bd7 16. Rad1 g6 17. Bc1 Ng3 18. Rfe1 Bf5 19. Qd2 Ne4 20. Bxe4 Bxe4 21.
Qxh6 Bxf3 22. Bf4 Ne5 23. Rxe5 Rxe5 24. gxf3 Rae8 25. Bxe5 Rxe5 26. Qd2 Qe6 27.
f4 Re2 28. Qd3 Bxf2+ 29. Kf1 Re3 30. Qxd5 Qxh3+ 31. Qg2 Qh5 32. Rd8+ Kg7 33.
Nd4 Qd1+ 0-1

[Event "3rd Washington Chess Congress"]
[Site "Arlington, VA"]
[Date "2016.10.08"]
[Round "6"]
[White "Gorti, Akshita"]
[Black "Kaufman, Larry C"]
[Result "1/2-1/2"]
[WhiteElo "2182"]
[BlackElo "2285"]
[PlyCount "30"]
[EventDate "2016.10.??"]
[EventType "swiss"]
[EventRounds "9"]
[EventCountry "USA"]

1. d4 Nf6 2. c4 e6 3. Nf3 d5 4. Nc3 Bb4 5. Qa4+ Nc6 6. e3 O-O 7. Qc2 Re8 8. Bd2
e5 9. cxd5 Nxd5 10. dxe5 Nxc3 11. Bxc3 Bg4 12. Be2 Bxf3 13. Bxf3 Bxc3+ 14. Qxc3
Nxe5 15. Be2 Qe7 1/2-1/2

[Event "3rd Washington Chess Congress"]
[Site "Arlington, VA"]
[Date "2016.10.08"]
[Round "6"]
[White "Drozdowski, Kacper"]
[Black "Balakrishnan, Praveen"]
[Result "1/2-1/2"]
[WhiteElo "2507"]
[BlackElo "2458"]
[PlyCount "46"]
[EventDate "2016.10.??"]
[EventType "swiss"]
[EventRounds "9"]
[EventCountry "USA"]

1. b3 e5 2. Bb2 Nc6 3. e3 Nf6 4. Bb5 Bd6 5. Ne2 O-O 6. Ng3 Re8 7. Nh5 Nxh5 8.
Qxh5 Bf8 9. Nc3 d5 10. O-O-O Be6 11. f4 exf4 12. Bxc6 bxc6 13. exf4 d4 14. Na4
a5 15. Rde1 f6 16. Re4 Bf7 17. Qe2 Rxe4 18. Qxe4 c5 19. Re1 Be8 20. Qe6+ Bf7
21. Qe4 Be8 22. Qe6+ Bf7 23. Qe4 Be8 1/2-1/2

[Event "3rd Washington Chess Congress"]
[Site "Arlington, VA"]
[Date "2016.10.08"]
[Round "6"]
[White "Berczes, David"]
[Black "Stukopin, Andrey"]
[Result "1/2-1/2"]
[WhiteElo "2478"]
[BlackElo "2596"]
[PlyCount "29"]
[EventDate "2016.10.??"]
[EventType "swiss"]
[EventRounds "9"]
[EventCountry "USA"]

1. d4 Nf6 2. c4 e6 3. Nf3 d5 4. g3 Bb4+ 5. Bd2 Be7 6. Bg2 c6 7. O-O Nbd7 8. Qc2
O-O 9. Rd1 a5 10. Bf4 b5 11. Ne5 Bb7 12. c5 Nh5 13. Bc1 f5 14. Nd2 Ra6 15. Ndf3
1/2-1/2

[Event "3rd Washington Chess Congress"]
[Site "Arlington, VA"]
[Date "2016.10.08"]
[Round "6"]
[White "Kadric, Denis"]
[Black "Zhang, Yuanchen"]
[Result "1/2-1/2"]
[WhiteElo "2594"]
[BlackElo "2289"]
[PlyCount "63"]
[EventDate "2016.10.??"]
[EventType "swiss"]
[EventRounds "9"]
[EventCountry "USA"]

1. e4 e5 2. Nf3 Nc6 3. Nc3 Nf6 4. Bb5 Bb4 5. O-O O-O 6. d3 d6 7. Ne2 Ne7 8. Ng3
c6 9. Ba4 Ng6 10. c3 Ba5 11. d4 Re8 12. Bc2 Bc7 13. Re1 h6 14. h3 Nh7 15. Be3
Ng5 16. dxe5 dxe5 17. Nxg5 hxg5 18. Nf5 Nf4 19. g3 Qxd1 20. Raxd1 Nxh3+ 21. Kg2
g4 22. Bb3 Bxf5 23. exf5 Red8 24. Rxd8+ Rxd8 25. Bd1 f6 26. Bb3+ Kf8 27. Bc5+
Ke8 28. Re4 Rd2 29. Rxg4 Nxf2 30. Bxf2 Bb6 31. Rxg7 Rxf2+ 32. Kh3 1/2-1/2

[Event "3rd Washington Chess Congress"]
[Site "Arlington, VA"]
[Date "2016.10.08"]
[Round "6"]
[White "Raghuram Rao, Prasanna"]
[Black "Wang, Wesley"]
[Result "1-0"]
[WhiteElo "2466"]
[BlackElo "2076"]
[PlyCount "59"]
[EventDate "2016.10.??"]
[EventType "swiss"]
[EventRounds "9"]
[EventCountry "USA"]

1. e4 e5 2. Nf3 Nc6 3. Bb5 a6 4. Ba4 Nf6 5. d3 b5 6. Bb3 Bc5 7. Nc3 d6 8. a4
Rb8 9. axb5 axb5 10. Ne2 Ne7 11. Ng3 Ng6 12. c3 Bb6 13. Bg5 h5 14. Nh4 Nf4 15.
d4 Be6 16. Bc2 Qc8 17. Qd2 Ng6 18. Ngf5 Kf8 19. O-O Nxh4 20. Nxh4 Ra8 21. h3
Nh7 22. Be3 Rxa1 23. Rxa1 Rg8 24. dxe5 g5 25. Nf5 Bxf5 26. exf5 dxe5 27. Qd5
Nf6 28. Qxe5 Nd7 29. Qe4 Nf6 30. Ra8 1-0

[Event "3rd Washington Chess Congress"]
[Site "Arlington, VA"]
[Date "2016.10.08"]
[Round "6"]
[White "Yagiz, Bora"]
[Black "Lowinger, Daniel"]
[Result "0-1"]
[WhiteElo "1913"]
[BlackElo "2115"]
[PlyCount "28"]
[EventDate "2016.10.??"]
[EventType "swiss"]
[EventRounds "9"]
[EventCountry "USA"]

1. e4 e6 2. d4 d5 3. e5 c5 4. c3 Nc6 5. Nf3 cxd4 6. cxd4 Nge7 7. Bd3 Nf5 8. O-O
Nfxd4 9. Nxd4 Nxd4 10. Bxh7 Qh4 11. f4 Bc5 12. Be3 Qxh7 13. Bxd4 Qxh2+ 14. Kf2
Qh4+ 0-1

[Event "3rd Washington Chess Congress"]
[Site "Arlington, VA"]
[Date "2016.10.08"]
[Round "6"]
[White "Treger, Yefim"]
[Black "Greanias, Steven"]
[Result "1-0"]
[WhiteElo "2176"]
[BlackElo "2089"]
[PlyCount "55"]
[EventDate "2016.10.??"]
[EventType "swiss"]
[EventRounds "9"]
[EventCountry "USA"]

1. e4 d6 2. d4 Nf6 3. Nc3 g6 4. h4 Bg7 5. Be2 c5 6. dxc5 Qa5 7. Kf1 Qxc5 8. h5
gxh5 9. Be3 Qb4 10. a3 Qa5 11. Bd2 Bg4 12. Nd5 Qc5 13. Bb4 Qc8 14. Nxe7 Qe6 15.
Bxg4 Qxe7 16. Bxd6 Qxe4 17. Bf3 Qc4+ 18. Be2 Qe6 19. Rh3 Ne4 20. Bxb8 Rxb8 21.
Bb5+ Kf8 22. Re3 Bxb2 23. Rb1 Qf5 24. Rxe4 Qxb5+ 25. Re2 Rg8 26. Nf3 h4 27.
Qd6+ Kg7 28. c4 1-0

[Event "3rd Washington Chess Congress"]
[Site "Arlington, VA"]
[Date "2016.10.08"]
[Round "6"]
[White "Prem, Pranav"]
[Black "Bennett, David"]
[Result "1-0"]
[WhiteElo "1765"]
[BlackElo "2085"]
[PlyCount "52"]
[EventDate "2016.10.??"]
[EventType "swiss"]
[EventRounds "9"]
[EventCountry "USA"]

1. d4 d5 2. c4 dxc4 3. Nf3 Nf6 4. e3 e6 5. Bxc4 c5 6. O-O Qc7 7. Bb3 Nc6 8. Nc3
a6 9. a4 Be7 10. Qe2 O-O 11. Rd1 Rd8 12. d5 exd5 13. Nxd5 Nxd5 14. Bxd5 Nb4 15.
Bb3 Rxd1+ 16. Qxd1 Bf5 17. Bd2 Rd8 18. Qe2 Bd3 19. Qe1 Nc2 20. Bxc2 Bxc2 21.
Qc1 Be4 22. Ne1 Bd6 23. h3 Qc6 24. f3 Bd5 25. Bc3 f6 26. Qc2 Qb6 1-0

[Event "3rd Washington Chess Congress"]
[Site "Arlington, VA"]
[Date "2016.10.08"]
[Round "6"]
[White "Altman, Joshua"]
[Black "Orizondo, Hugo"]
[Result "0-1"]
[WhiteElo "1735"]
[BlackElo "2050"]
[PlyCount "60"]
[EventDate "2016.10.??"]
[EventType "swiss"]
[EventRounds "9"]
[EventCountry "USA"]

1. d4 Nf6 2. c4 e6 3. Nf3 d5 4. Nc3 Be7 5. cxd5 exd5 6. Bf4 O-O 7. e3 c6 8. Bd3
Bg4 9. Qc2 Nbd7 10. Ne5 Be6 11. g4 g6 12. f3 Nxe5 13. dxe5 Nd7 14. O-O-O Rc8
15. h4 Nc5 16. Bf5 Qd7 17. Bh6 Rfe8 18. Rdg1 Bf8 19. Bg5 h6 20. Bf6 Bg7 21.
Bxg7 Kxg7 22. Ne2 b6 23. h5 g5 24. Nd4 Qc7 25. f4 Ne4 26. Nxe6+ Rxe6 27. Bxe6
fxe6 28. Qh2 Re8 29. Rf1 Qe7 30. Kb1 Qc5 0-1

[Event "3rd Washington Chess Congress"]
[Site "Arlington, VA"]
[Date "2016.10.08"]
[Round "6"]
[White "Wegerle, Joerg"]
[Black "Jian, Alex"]
[Result "1/2-1/2"]
[WhiteElo "2442"]
[BlackElo "2037"]
[PlyCount "56"]
[EventDate "2016.10.??"]
[EventType "swiss"]
[EventRounds "9"]
[EventCountry "USA"]

1. c4 Nf6 2. Nc3 c5 3. g3 e6 4. Nf3 b6 5. Bg2 Bb7 6. O-O Be7 7. Re1 d5 8. cxd5
Nxd5 9. d4 O-O 10. e4 Nxc3 11. bxc3 cxd4 12. cxd4 Nd7 13. Bb2 Rc8 14. Qe2 Re8
15. h4 Qc7 16. Rac1 Qb8 17. Ng5 h6 18. Nh3 Rxc1 19. Rxc1 Rc8 20. Rd1 Qc7 21. d5
exd5 22. exd5 Bd6 23. Qg4 Ne5 24. Bxe5 Bxe5 25. d6 Qb8 26. Bxb7 Qxb7 27. d7 Rd8
28. Qf5 Qc7 1/2-1/2

[Event "3rd Washington Chess Congress"]
[Site "Arlington, VA"]
[Date "2016.10.08"]
[Round "6"]
[White "Li, Ruifeng"]
[Black "Popilski, Gil"]
[Result "1/2-1/2"]
[WhiteElo "2538"]
[BlackElo "2564"]
[PlyCount "101"]
[EventDate "2016.10.??"]
[EventType "swiss"]
[EventRounds "9"]
[EventCountry "USA"]

1. e4 e6 2. d4 d5 3. Nd2 c5 4. Ngf3 cxd4 5. exd5 Qxd5 6. Bc4 Qd6 7. O-O Nf6 8.
Nb3 Nc6 9. Nbxd4 Nxd4 10. Nxd4 a6 11. Re1 Qc7 12. Bb3 Bd6 13. h3 O-O 14. Bg5
Bh2+ 15. Kf1 Bf4 16. Bxf6 gxf6 17. Qh5 Kh8 18. g3 Be5 19. c3 f5 20. g4 Bxd4 21.
cxd4 Bd7 22. Qh6 Rg8 23. Qf6+ Rg7 24. Re5 Qd8 25. Qxd8+ Rxd8 26. gxf5 Bb5+ 27.
Rxb5 axb5 28. fxe6 fxe6 29. Re1 Rxd4 30. Rxe6 Rgd7 31. Re5 b4 32. Kg2 Rd2 33.
Re8+ Kg7 34. Re4 R2d4 35. Re6 Kf8 36. Rf6+ Ke7 37. Rf3 Kd6 38. Kf1 Kc7 39. Kg2
Rd3 40. Rf4 Rg7+ 41. Rg4 Rxg4+ 42. hxg4 h6 43. f4 Kd6 44. g5 hxg5 45. fxg5 Ke5
46. g6 Kf4 47. Kf2 Rg3 48. Bf7 Rg5 49. Ke2 Ke4 50. Kf2 Rg4 51. Ke2 1/2-1/2

[Event "3rd Washington Chess Congress"]
[Site "Arlington, VA"]
[Date "2016.10.08"]
[Round "6"]
[White "Harper, Ryan"]
[Black "Srinivas, Vivek"]
[Result "0-1"]
[WhiteElo "2207"]
[BlackElo "1916"]
[PlyCount "81"]
[EventDate "2016.10.??"]
[EventType "swiss"]
[EventRounds "9"]
[EventCountry "USA"]

1. e4 e5 2. Nf3 Nf6 3. Nxe5 d6 4. Nf3 Nxe4 5. Nc3 Nxc3 6. dxc3 Be7 7. Bd3 O-O
8. Be3 Nc6 9. h4 h6 10. Qd2 Be6 11. Bxh6 Qd7 12. Bf4 f6 13. O-O-O Ne5 14. Bxe5
dxe5 15. Kb1 Qa4 16. b3 Qg4 17. Rh3 Rfd8 18. Rg3 Qh5 19. Qe2 Bf7 20. Re1 c6 21.
Kb2 a5 22. a4 Bd6 23. Rh3 Bd5 24. g4 Qxg4 25. Rg3 Qh5 26. Reg1 Bf8 27. Bg6 Qh6
28. Nh2 Rab8 29. Ng4 Qxg6 30. h5 Qg5 31. h6 Rd7 32. Ne3 Qxh6 33. Nf5 Qh7 34.
Qg4 g5 35. Rh3 Qf7 36. c4 Be6 37. Rgh1 Bxf5 38. Rh8+ Kg7 39. Qxf5 Ba3+ 40. Kxa3
Rxh8 41. Rg1 0-1

[Event "3rd Washington Chess Congress"]
[Site "Arlington, VA"]
[Date "2016.10.08"]
[Round "6"]
[White "Raznikov, Dani"]
[Black "Yu, Jennifer"]
[Result "1/2-1/2"]
[WhiteElo "2531"]
[BlackElo "2209"]
[PlyCount "26"]
[EventDate "2016.10.??"]
[EventType "swiss"]
[EventRounds "9"]
[EventCountry "USA"]

1. d4 d5 2. c4 c6 3. cxd5 cxd5 4. Nc3 Nc6 5. e3 Bf5 6. Qb3 Na5 7. Qa4+ Bd7 8.
Qc2 e5 9. Bd3 Rc8 10. Nf3 b5 11. a3 Nc4 12. O-O a5 13. Qe2 Be7 1/2-1/2

[Event "3rd Washington Chess Congress"]
[Site "Arlington, VA"]
[Date "2016.10.08"]
[Round "6"]
[White "Sadorra, Julio"]
[Black "Brodsky, David"]
[Result "1-0"]
[WhiteElo "2573"]
[BlackElo "2277"]
[PlyCount "66"]
[EventDate "2016.10.??"]
[EventType "swiss"]
[EventRounds "9"]
[EventCountry "USA"]

1. d4 d5 2. c4 c6 3. cxd5 cxd5 4. Bf4 Nf6 5. Nc3 Nc6 6. e3 Bf5 7. Qb3 Na5 8.
Qa4+ Bd7 9. Qc2 e6 10. Nf3 Be7 11. h3 Rc8 12. Bd3 b5 13. a3 Nc4 14. O-O O-O 15.
Ne5 Be8 16. Rfc1 h6 17. Qe2 Nd7 18. Nf3 Nf6 19. a4 bxa4 20. Nxa4 Bxa4 21. Rxa4
Nb6 22. Rxc8 Nxc8 23. Ne5 Bd6 24. Ra6 Ne8 25. Qg4 f5 26. Qg3 Rf6 27. h4 Bc7 28.
Rc6 Ne7 29. Rc1 Bb6 30. Bb5 Nd6 31. Ba4 Ne4 32. Qh2 Ng6 33. f3 Qd7 1-0

[Event "3rd Washington Chess Congress"]
[Site "Arlington, VA"]
[Date "2016.10.09"]
[Round "8"]
[White "Stukopin, Andrey"]
[Black "Sadorra, Julio"]
[Result "1-0"]
[WhiteElo "2596"]
[BlackElo "2573"]
[PlyCount "61"]
[EventDate "2016.10.??"]
[EventType "swiss"]
[EventRounds "9"]
[EventCountry "USA"]

1. Nf3 d5 2. g3 Nf6 3. Bg2 e6 4. O-O Be7 5. d3 c5 6. Nbd2 b6 7. e4 Nc6 8. Re1
Bb7 9. e5 Nd7 10. Nf1 g5 11. h3 h5 12. N1h2 Rg8 13. g4 Qc7 14. gxh5 Ndxe5 15.
Nxe5 Nxe5 16. Ng4 Nc6 17. c3 O-O-O 18. Qf3 Rdf8 19. Nf6 Ne5 20. Rxe5 Qxe5 21.
Nxg8 Qe1+ 22. Bf1 Rxg8 23. Be3 Qxa1 24. Qxf7 Rd8 25. Qxe7 Bc6 26. h6 Qd1 27.
Bxg5 Rd7 28. Qxe6 Kb7 29. Qg6 d4 30. h7 Bd5 31. c4 1-0

[Event "3rd Washington Chess Congress"]
[Site "Arlington, VA"]
[Date "2016.10.09"]
[Round "7"]
[White "Popilski, Gil"]
[Black "Berczes, David"]
[Result "1/2-1/2"]
[WhiteElo "2564"]
[BlackElo "2478"]
[PlyCount "43"]
[EventDate "2016.10.??"]
[EventType "swiss"]
[EventRounds "9"]
[EventCountry "USA"]

1. e4 e5 2. Nf3 Nc6 3. Bb5 a6 4. Ba4 Nf6 5. O-O Nxe4 6. d4 b5 7. Bb3 d5 8. dxe5
Be6 9. Qe2 Be7 10. Rd1 O-O 11. c4 bxc4 12. Bxc4 Bc5 13. Be3 Bxe3 14. Qxe3 Qb8
15. Bb3 Na5 16. Nbd2 Qa7 17. Qxa7 Rxa7 18. Nxe4 Nxb3 19. axb3 dxe4 20. Nd4 Rb7
21. Rxa6 Bxb3 22. Nxb3 1/2-1/2